000 00641nam a2200205Ia 4500
008 240729s9999 xx 000 0 und d
022 _a2090-133X
245 0 _aDepression Research and Treatment
260 _aUnited Kingdom
260 _bHindawi Limited
650 _a Internal medicine
650 _a Neurology. Diseases of the nervous system
650 _a Neurosciences. Biological psychiatry. Neuropsychiatry
650 _a Psychiatry | Philosophy. Psychology. Religion
650 _a Psychology
650 _aMedicine
856 _uhttps://doaj.org/toc/72f4ffc722504b09b862a4b829461484
942 _2ddc
942 _cDOAJEJ
999 _c71590
_d71590
945 _a1
_bMadushi Gamage
_c1
_dMadushi Gamage